DENTAL MATERIALS : PROPERTIES AND MANIPULATIONS (Record no. 2571)
[ view plain ]
| 000 -LEADER | |
|---|---|
| fixed length control field | 00350nam a2200133Ia 4500 |
| 082 ## - DEWEY DECIMAL CLASSIFICATION NUMBER | |
| Classification number | 617.695 |
| Item number | D2001C |
| 100 ## - MAIN ENTRY--PERSONAL NAME | |
| Personal name | ROBERT G.GRAIG |
| 245 ## - TITLE STATEMENT | |
| Title | DENTAL MATERIALS : PROPERTIES AND MANIPULATIONS |
| 250 ## - EDITION STATEMENT | |
| Edition statement | 7TH |
| 260 ## - PUBLICATION, DISTRIBUTION, ETC. (IMPRINT) | |
| Name of publisher, distributor, etc | HARCOURT INDIA PRIVATE LIMITED |
| Place of publication, distribution, etc | ST.LOUIS.MISSOURI |
| Year of Publication | 2001 |
| 300 ## - PAGE DESCRIPTION | |
| No. of Pages | 1-327 |
| 650 ## - SUBJECT ADDED ENTRY--TOPICAL TERM | |
| Topical term or geographic name as entry element | DENTAL MATERIAL |
| 942 ## - ADDED ENTRY ELEMENTS (KOHA) | |
| Source of classification or shelving scheme | Dewey Decimal Classification |
| Koha item type | Books |
| Withdrawn status | Lost status | Source of classification or shelving scheme | Damaged status | Not for loan | Home library | Current library | Date acquired | Vendor Name | Cost, normal purchase price | Volume Information (Serial or Books or Non-Book Material) | SGTU | Bill Number | Total Checkouts | Full call number | Accession No. (Barcode) | Date last seen | Bill Date | Koha item type |
|---|---|---|---|---|---|---|---|---|---|---|---|---|---|---|---|---|---|---|
| Dewey Decimal Classification | SGT Dental Library | SGT Dental Library | 12/07/2003 | U.B.S.DELHI | 375.00 | 1 | SGTU | 279 | 617.695 D2001C | FD525 | 09/02/2015 | 31/01/2012 | Books | |||||
| Dewey Decimal Classification | SGT Dental Library | SGT Dental Library | 12/07/2003 | U.B.S.DELHI | 375.00 | 1 | SGTU | 279 | 617.695 D2001C | FD526 | 09/02/2015 | 31/01/2012 | Books | |||||
| Dewey Decimal Classification | SGT Dental Library | SGT Dental Library | 12/07/2003 | U.B.S.DELHI | 375.00 | 1 | SGTU | 279 | 617.695 D2001C | FD527 | 09/02/2015 | 31/01/2012 | Books | |||||
| Dewey Decimal Classification | SGT Dental Library | SGT Dental Library | 12/07/2003 | U.B.S.DELHI | 375.00 | 1 | SGTU | 279 | 617.695 D2001C | FD528 | 09/02/2015 | 31/01/2012 | Books | |||||
| Dewey Decimal Classification | SGT Dental Library | SGT Dental Library | 12/07/2003 | U.B.S.DELHI | 375.00 | 1 | SGTU | 279 | 617.695 D2001C | FD529 | 09/02/2015 | 31/01/2012 | Books |